| 000 | 01346cam a2200325 a 4500 | ||
|---|---|---|---|
| 999 |
_c128757 _d128757 |
||
| 001 | 2315796 | ||
| 003 | ARRUPE | ||
| 005 | 20190109152028.0 | ||
| 008 | 811130s1982 enka b 001 0 eng | ||
| 010 | _a 81021611 | ||
| 020 | _a0521242827 | ||
| 040 |
_aDLC _cDLC _dDLC _dOCoLC _dDLC |
||
| 043 | _ae------ | ||
| 050 | 0 | 0 |
_aSPC CC175 _b.R36 1982 |
| 082 | 0 | 0 |
_a936 _219 |
| 100 |
_aRenfrew, Colin (ed.) _943932 |
||
| 245 | 0 | 0 |
_aRanking, resource, and exchange : _baspects of the archaeology of early European society / _cedited by Colin Renfrew and Stephen Shennan. |
| 260 |
_aCambridge [Cambridgeshire] ; _aNew York : _bCambridge University Press, _c1982. |
||
| 300 |
_aviii, 167 p. : _bill. ; _c29 cm. |
||
| 440 | 0 |
_aNew directions in archaeology _943933 |
|
| 504 | _aIncludes bibliographical references and index. | ||
| 651 | 0 |
_aEurope _xAntiquities. _943934 |
|
| 651 | 0 |
_aEurope _xEconomic conditions _yTo 1492. _943935 |
|
| 651 | 0 |
_aEurope _xSocial conditions _yTo 1492. _943936 |
|
| 700 | 1 |
_aShennan, Stephen. _eed. _943937 |
|
| 856 | 4 | 2 |
_3Publisher description _uhttp://www.loc.gov/catdir/enhancements/fy0902/81021611-d.html |
| 856 | 4 | 1 |
_3Table of contents only _uhttp://www.loc.gov/catdir/enhancements/fy0902/81021611-t.html |
| 906 |
_a7 _bcbc _corignew _d1 _eocip _f19 _gy-gencatlg |
||
| 942 |
_2lcc _cSPC |
||